Handbuch der Bedienungstheorie 1 Grundlagen und Methoden

Enregistré dans:
Détails bibliographiques
Format: Livre
Langue:allemand
Publié: Berlin Akademie 1983
Édition:1. Aufl.
Tags: Ajouter un tag
Pas de tags, Soyez le premier à ajouter un tag!

MARC

LEADER 00000nam a2200000 4500
001 c024605
005 20221220090601.8
041 0 |a ger 
044 |a DE 
245 1 0 |a Handbuch der Bedienungstheorie 1  |b Grundlagen und Methoden 
250 |a 1. Aufl. 
264 1 |a Berlin  |b Akademie  |c 1983 
300 |a 514 s.